| 000 | 00410nam a2200145Ia 4500 | ||
|---|---|---|---|
| 008 | 210430s9999 xx 000 0 und d | ||
| 020 | _a81-239-1142-4 | ||
| 082 | _a660.2 M298 C | ||
| 100 |
_aW.V.Mark _954144 |
||
| 245 |
_aChemical Process Industries vol II / _cW.V.Mark _bedited by S. C. Bhatia |
||
| 250 | _a2nd edition | ||
| 260 |
_aNew Delhi _bCBS Publishers _c2007 |
||
| 300 | _a614p | ||
| 942 |
_cBK _2ddc |
||
| 999 |
_c564618 _d564618 |
||